Supermarket

Збережено в:
Бібліографічні деталі
Автор: Azuchi, Satoshi (Автор)
Формат: Книга
Мова:Англійська
Опубліковано: Nueva York St. Martin's Press 2009
Предмети:
Теги: Додати тег
Немає тегів, Будьте першим, хто поставить тег для цього запису!

MARC

LEADER 00000nam a2200000 a 4500
001 UCG7355
003 CL-VaPUC
008 110727e20090200US |||||||||||||||||eng|d
020 |a 9780312382940 
082 0 4 |a 895.6  |b AZU  |2 21 
100 0 |a Azuchi, Satoshi  |e author  |9 558055 
245 1 0 |a Supermarket 
300 |a 329 p 
942 |c BK 
945 |d 20110727 00:00:00  |a dcastane 
260 |a Nueva York  |b St. Martin's Press  |c 2009 
650 7 |a NOVELAS JAPONESAS  |2 CL-VaPUC  |9 558056 
650 0 |a Literatura japonesa  |9 266543 
583 |a last modification  |c 20110727 00:00:00  |k Rodrigo Vera 
999 |c 345373  |d 345371 
952 |0 0  |1 0  |4 0  |6 895_600000000000000_AZU_2009  |7 0  |8 A  |9 444012  |a BIBGIM  |b BIBGIM  |d 2019-11-22  |i 4788516  |o 895.6 AZU 2009  |p 4788516  |r 2025-01-15  |w 2019-11-22  |y BK  |k ORI